| 000 | 00458nam a2200157Ia 4500 | ||
|---|---|---|---|
| 003 | OSt | ||
| 005 | 20200629125822.0 | ||
| 008 | 190216s9999||||xx |||||||||||||| ||und|| | ||
| 040 | _coclc | ||
| 082 |
_a934 _bTHA/A |
||
| 100 |
_aThapar, Romila _9444 |
||
| 245 | 0 |
_aAncient India / _cRomila Thapar |
|
| 260 |
_bNational Council Of Educational Research, _c1966. _aNew Delhi: |
||
| 300 | _a151p | ||
| 942 |
_cBK _2ddc _h934 _iTHA/A _k934 _mTHA/A |
||
| 999 |
_c18642 _d18642 |
||